|
|
|
|
| LEADER |
00738nab#a2200301#ar4500 |
| 001 |
000006813 |
| 003 |
SVKKK |
| 005 |
20030806110306.0 |
| 008 |
030806c1998 e sloo |
| FMT |
|
|
|
| 038 |
|
|
|a SVKKK
|
| 040 |
|
|
|a SVKKK
|b slo
|e AACR2
|
| 041 |
0 |
|
|a slo
|
| 080 |
|
|
|a 061.25(437.1)(=850
|2 1981
|
| 100 |
0 |
|
|a kapi
|4 aut
|
| 245 |
1 |
0 |
|a Pre zachovanie identity
|c kapi ,
|
| 260 |
|
|
|c 1998
|
| 650 |
0 |
4 |
|a informácie
|
| 650 |
0 |
4 |
|a organizácia košická
|
| 650 |
0 |
4 |
|a spolky
|z Český spolok na Slovensku, Košice
|
| 650 |
0 |
4 |
|a činnosť
|z Košice
|
| 773 |
0 |
|
|t Košický večer
|g Roč. 9, č. 197(1998), dát. 1014, s. 3
|
| 957 |
|
|
|a Košice
|
| 974 |
|
|
|a Cr
|
| 992 |
|
|
|a RBX
|
| BAS |
|
|
|
| 852 |
|
|
|a SVKKK
|b BIB
|
| 998 |
|
|
|a REG
|